Loading...
Mythology | 0 | 6 | 1 | 0 | 55 | 107 | 122.17 | 1 | 3 |
Pop Culture | 0 | 3 | 0 | 0 | 30 | 36 | 57.33 | 0 | 2 |
History - Other History | 0 | 2 | 0 | 2 | 20 | 129 | 131.50 | 0 | 0 |
Philosophy | 0 | 1 | 0 | 0 | 10 | 119 | 119.00 | 0 | 1 |
Literature - World Literature | 0 | 1 | 0 | 0 | 10 | 14 | 14.00 | 0 | 1 |
Religion | 0 | 1 | 0 | 0 | 10 | 91 | 91.00 | 0 | 1 |
Fine Arts - Painting and Sculpture | 0 | 1 | 0 | 1 | 10 | 134 | 134.00 | 0 | 0 |
Social Science | 0 | 1 | 0 | 0 | 10 | 89 | 89.00 | 0 | 0 |
Other Academic | 0 | 1 | 1 | 1 | 5 | 129 | 129.00 | 0 | 1 |
Science - Physics | 0 | 1 | 1 | 0 | 5 | 83 | 83.00 | 0 | 1 |
Science - Chemistry | 0 | 0 | 0 | 0 | 0 | 0.00 | 0 | 0 | |
Literature - American Literature | 0 | 0 | 0 | 0 | 0 | 0.00 | 0 | 0 | |
Literature - European Literature | 0 | 0 | 1 | 0 | -5 | 0.00 | 0 | 0 | |
Fine Arts - Other Fine Arts | 0 | 0 | 1 | 0 | -5 | 0.00 | 0 | 0 |